Chemoresponsive materials : (Record no. 51231)

MARC details
000 -LEADER
fixed length control field 00708nam a2200229Ia 4500
005 - DATE AND TIME OF LATEST TRANSACTION
control field 20260429111856.0
008 - FIXED-LENGTH DATA ELEMENTS--GENERAL INFORMATION
fixed length control field 260429s9999||||xx |||||||||||||| ||und||
020 ## - INTERNATIONAL STANDARD BOOK NUMBER
International Standard Book Number 9781782620624
041 ## - LANGUAGE CODE
Language English
082 ## - DEWEY DECIMAL CLASSIFICATION NUMBER
Classification number 620.1
Item number SCH
100 ## - MAIN ENTRY--PERSONAL NAME
Personal name Schneider, Hans-Jorg
245 #0 - TITLE STATEMENT
Title Chemoresponsive materials :
Remainder of title stimulation by chemical and biological signals /
Statement of responsibility, etc Hans-Jorg Schneider
260 ## - PUBLICATION, DISTRIBUTION, ETC. (IMPRINT)
Place of publication, distribution, etc Cambridge :
Name of publisher, distributor, etc Royal Society of Chemistry,
Date of publication, distribution, etc 2016.
300 ## - PHYSICAL DESCRIPTION
Extent xxvi, 529 p.; hb
650 ## - SUBJECT ADDED ENTRY--TOPICAL TERM
Topical term or geographic name as entry element Biomaterials
650 ## - SUBJECT ADDED ENTRY--TOPICAL TERM
Topical term or geographic name as entry element Chemical signaling
650 ## - SUBJECT ADDED ENTRY--TOPICAL TERM
Topical term or geographic name as entry element Materials chemistry
650 ## - SUBJECT ADDED ENTRY--TOPICAL TERM
Topical term or geographic name as entry element Smart materials
650 ## - SUBJECT ADDED ENTRY--TOPICAL TERM
Topical term or geographic name as entry element Stimuli-responsive polymers
650 ## - SUBJECT ADDED ENTRY--TOPICAL TERM
Topical term or geographic name as entry element Responsive materials
942 ## - ADDED ENTRY ELEMENTS (KOHA)
Koha item type Text Books
Holdings
Withdrawn status Lost status Damaged status Not for loan Collection code Home library Location Shelving location Date of Cataloging Source of acquisition Total Checkouts Full call number Barcode Date last seen Price effective from Koha item type
        Non-fiction CUTN Central Library CUTN Central Library Medicine, Technology & Management 29/04/2026 Kiran Book Centre, Bengaluru - Invoice No. 302/25-26 on 11-02-2026   620.1 SCH 56091 29/04/2026 29/04/2026 Text Books